Normal view
MARC view
- United States
Entry Geographic Name
001 - CONTROL NUMBER
- control field: 19943
003 - CONTROL NUMBER IDENTIFIER
- control field: NUST
005 - DATE AND TIME OF LATEST TRANSACTION
- control field: 20190904104809.0
008 - FIXED-LENGTH DATA ELEMENTS
- fixed length control field: 190904|| aca||aabn | a|a d
040 ## - CATALOGING SOURCE
- Original cataloging agency: NUST
- Transcribing agency: NUST
151 ## - HEADING--GEOGRAPHIC NAME
- Geographic name: United States
- General subdivision: Economic policy
- Chronological subdivision: 1981-1993.
670 ## - SOURCE DATA FOUND
- Source citation: Work cat.: (NUST)0: Roger J. Vaughan 19942, Rebuilding America /, [1984]
